[Event "HUN-chT2 Barcza 1819"]
[Site "Hungary"]
[Date "2019.03.10"]
[Round "9.3"]
[White "Ecsedi, Sandor"]
[Black "Zabiak, Jozsef"]
[Result "0-1"]
[WhiteElo "1968"]
[BlackElo "2148"]
[PlyCount "138"]
[EventDate "2018.09.23"]
[EventType "team-tourn"]
[EventRounds "11"]
[EventCountry "HUN"]
[SourceTitle "EXT 2021"]
[Source "ChessBase"]
[SourceDate "2020.10.23"]
[SourceVersion "1"]
[SourceVersionDate "2020.10.23"]
[SourceQuality "1"]
[WhiteTeam "Hajduszoboszlo"]
[BlackTeam "Szirmabesenyo"]
[WhiteTeamCountry "HUN"]
[BlackTeamCountry "HUN"]

1. e4 e5 2. Bc4 Nf6 3. d4 Qe7 4. Nf3 Nc6 5. 0-0 h6 6. Re1 d6 7. Nc3 Bg4 8. dxe5 Nxe5 9. Be2 Bxf3 10. Bxf3 Qd7 11. Be2 g5 12. f3 Ng6 13. Nd5 Bg7 14. Be3 0-0 15. Bd4 Qd8 16. Qd3 Nxd5 17. Bxg7 Ngf4 18. Qc4 Ne3 19. Qc3 Nexg2 20. Bxh6 f6 21. Bc4+ d5 22. Bxf8 dxc4 23. Bc5 Nxe1 24. Qxc4+ Kg7 25. Rxe1 Qd2 26. Qf1 Rh8 27. Bf2 Nh3+ 28. Kg2 Nxf2 29. Re2 Qf4 30. Kxf2 Rxh2+ 31. Kg1 Rh8 32. Rg2 Rh3 33. Qd3 Qxf3 34. Qxf3 Rxf3 35. e5 Kg6 36. exf6 Rxf6 37. Rd2 Rd6 38. Re2 Ra6 39. a3 Rb6 40. b3 Rc6 41. Kg2 Rc3 42. a4 Kf5 43. Rf2+ Ke4 44. Re2+ Kf4 45. Rf2+ Ke3 46. Kf1 g4 47. Re2+ Kf4 48. Kg2 Re3 49. Rf2+ Ke4 50. Rd2 a5 51. Kf2 g3+ 52. Kg2 Rc3 53. Re2+ Kf4 54. Kh3 Kf3 55. Rg2 Ke4 56. Re2+ Kd4 57. Kg2 Re3 58. Rd2+ Kc3 59. Rd7 Kxc2 60. Rxc7+ Kxb3 61. Rxb7+ Kxa4 62. Rb8 Rb3 63. Ra8 Kb4 64. Rb8+ Ka3 65. Ra8 a4 66. Ra7 Rc3 67. Ra8 Kb3 68. Rb8+ Ka2 69. Ra8 a3 0-1

[Event "HUN-chT2 Barcza 1819"]
[Site "Hungary"]
[Date "2018.09.23"]
[Round "1.8"]
[White "Jakab, Zsolt"]
[Black "Zabiak, Jozsef"]
[Result "0-1"]
[WhiteElo "1776"]
[BlackElo "2148"]
[PlyCount "86"]
[EventDate "2018.09.23"]
[EventType "team-tourn"]
[EventRounds "11"]
[EventCountry "HUN"]
[SourceTitle "CBM 189 Extra"]
[Source "ChessBase"]
[SourceDate "2019.05.31"]
[SourceVersion "1"]
[SourceVersionDate "2019.05.31"]
[SourceQuality "1"]
[WhiteTeam "Debrecen Sakkiskola"]
[BlackTeam "Szirmabesenyo"]
[WhiteTeamCountry "HUN"]
[BlackTeamCountry "HUN"]

1. d4 f5 2. Nf3 Nf6 3. Bg5 e6 4. e3 Be7 5. Nbd2 Ne4 6. Bxe7 Qxe7 7. Bd3 d5 8. Ne5 0-0 9. 0-0 c5 10. Bxe4 fxe4 11. c3 Nd7 12. f4 b5 13. Nxd7 Bxd7 14. Nb3 c4 15. Nc5 Rfc8 16. Na6 Qd6 17. Nb4 a5 18. Nc2 b4 19. Qd2 Ba4 20. f5 Bxc2 21. Qxc2 e5 22. Qd2 Rf8 23. Rf2 exd4 24. Qxd4 Rad8 25. Raf1 Qf6 26. Qd2 bxc3 27. bxc3 Qe5 28. g4 h6 29. Kg2 Rb8 30. Rd1 Rb5 31. h4 a4 32. Qd4 Qe7 33. Kh3 a3 34. Rdf1 h5 35. g5 Qd7 36. g6 Rf6 37. Qd1 Rxg6 38. Qxh5 Rh6 39. Qg4 Rf6 40. h5 Rb2 41. Kg3 Qe8 42. Qd1 Qe5+ 43. Kg4 Rxf5 0-1

[Event "HUN-chT2 Barcza 1718"]
[Site "Hungary"]
[Date "2018.03.04"]
[Round "9.6"]
[White "Zabiak, Jozsef"]
[Black "Toth, Levente"]
[Result "1/2-1/2"]
[WhiteElo "2164"]
[BlackElo "2004"]
[PlyCount "96"]
[EventDate "2017.09.24"]
[EventType "team-tourn"]
[EventRounds "11"]
[EventCountry "HUN"]
[SourceTitle "EXT 2021"]
[Source "ChessBase"]
[SourceDate "2020.10.23"]
[SourceVersion "1"]
[SourceVersionDate "2020.10.23"]
[SourceQuality "1"]
[WhiteTeam "Szirmabesenyo"]
[BlackTeam "Edeleny"]
[WhiteTeamCountry "HUN"]
[BlackTeamCountry "HUN"]

1. d4 d5 2. Bg5 Nf6 3. Bxf6 exf6 4. e3 Bd6 5. Bd3 0-0 6. Ne2 Bg4 7. f3 Bh5 8. Nf4 Bxf4 9. exf4 f5 10. 0-0 Qd7 11. Nc3 f6 12. Ne2 Bf7 13. Ng3 g6 14. Re1 Nc6 15. Bb5 Rfe8 16. Qd2 Rxe1+ 17. Rxe1 Re8 18. Rxe8+ Bxe8 19. Qc3 a6 20. Bxc6 Qxc6 21. Qxc6 Bxc6 22. Kf2 Bb5 23. Ke3 Kf7 24. h4 h5 25. Nh1 Ke7 26. Nf2 Bd7 27. Nd3 Bb5 28. Nf2 Bd7 29. b3 Kd6 30. a4 b6 31. Kd3 a5 32. Nd1 Bc8 33. Ne3 Bd7 34. c3 Bc8 35. Kc2 Bd7 36. Kd3 Bc8 37. b4 Bd7 38. b5 c6 39. c4 dxc4+ 40. Nxc4+ Kc7 41. Na3 cxb5 42. axb5 Be6 43. Nb1 Kd6 44. Na3 Bb3 45. Kc3 Be6 46. Kd3 Bb3 47. Kc3 Be6 48. Kd3 Bb3 1/2-1/2

[Event "HUN-chT 1516 BAZ I Borbely"]
[Site "Hungary"]
[Date "2016.01.10"]
[Round "3"]
[White "Zabiak, Jozsef"]
[Black "Lorincz, Otto"]
[Result "1-0"]
[WhiteElo "2151"]
[BlackElo "1844"]
[PlyCount "53"]
[EventDate "2015.10.11"]
[EventType "team-tourn"]
[EventRounds "7"]
[EventCountry "HUN"]
[SourceTitle "EXT 2025"]
[Source "ChessBase"]
[SourceDate "2024.10.14"]
[SourceVersion "1"]
[SourceVersionDate "2024.10.14"]
[SourceQuality "1"]
[WhiteTeam "Putnoki VSE"]
[BlackTeam "Berentei Sakk Kor"]
[WhiteTeamCountry "HUN"]
[BlackTeamCountry "HUN"]

1. d4 Nf6 2. Bg5 e6 3. e3 d5 4. Bd3 Be7 5. Bxf6 Bxf6 6. f4 Nd7 7. Nf3 c5 8. c3 a6 9. 0-0 g6 10. Nbd2 Qc7 11. Ne5 0-0 12. Qg4 Nxe5 13. fxe5 Be7 14. Rf6 Kg7 15. Raf1 Bd7 16. h4 Be8 17. Qf4 Qd8 18. h5 b6 19. hxg6 hxg6 20. Rf3 Ra7 21. Bxg6 fxg6 22. Rxf8 Bg5 23. Rxe8 Qxe8 24. Qxg5 Rf7 25. Rf6 Re7 26. Nf3 cxd4 27. exd4 1-0

[Event "HUN-chT2 Barcza 1415"]
[Site "Hungary"]
[Date "2014.10.12"]
[Round "?"]
[White "Meszaros, Andras"]
[Black "Zabiak, Jozsef"]
[Result "1-0"]
[WhiteElo "2284"]
[BlackElo "2189"]
[PlyCount "111"]
[EventDate "2014.09.07"]
[EventType "team-tourn"]
[EventRounds "11"]
[EventCountry "HUN"]
[SourceTitle "EXT 2016"]
[Source "ChessBase"]
[SourceDate "2015.10.08"]
[SourceVersion "1"]
[SourceVersionDate "2015.10.08"]
[SourceQuality "1"]
[WhiteTeam "Nadudvar"]
[BlackTeam "Sajobabony"]
[WhiteTeamCountry "HUN"]
[BlackTeamCountry "HUN"]

1. e4 e6 2. d4 d5 3. Nc3 Nf6 4. e5 Nfd7 5. f4 c5 6. Nf3 Nc6 7. Be3 cxd4 8. Nxd4 Bc5 9. Qd2 Qb6 10. Na4 Qb4 11. Nxc5 Qxd2+ 12. Kxd2 Nxc5 13. Re1 Nxd4 14. Bxd4 b6 15. b4 Ne4+ 16. Ke3 Bb7 17. Bd3 f5 18. exf6 Nxf6 19. f5 0-0 20. Bxf6 Rxf6 21. fxe6 Rxe6+ 22. Kd4 Rae8 23. Rxe6 Rxe6 24. c4 Rh6 25. cxd5 Rd6 26. Be4 Kf8 27. Rc1 Rd7 28. Rc3 Ke7 29. Ra3 Ba8 30. Rh3 h6 31. Rg3 Kf7 32. Rf3+ Ke7 33. Ke5 Bb7 34. d6+ Rxd6 35. Bxb7 Rd2 36. Ra3 Rd7 37. Bc6 Rc7 38. Kd5 Kd8 39. Rf3 Ke7 40. Re3+ Kf7 41. Kd6 Rc8 42. Re7+ Kf6 43. Rxa7 g5 44. g4 Rh8 45. Ra8 Rh7 46. Be4 Rf7 47. Bd5 Rh7 48. Rf8+ Kg7 49. Rf7+ Kh8 50. Ke7 h5 51. Rxh7+ Kxh7 52. Be6 Kg6 53. a4 h4 54. a5 bxa5 55. bxa5 Kg7 56. a6 1-0

[Event "HUN-chT2 Barcza 1213"]
[Site "Hungary"]
[Date "2013.01.27"]
[Round "6.1"]
[White "Acs, Gabor"]
[Black "Zabiak, Jozsef"]
[Result "1-0"]
[WhiteElo "2219"]
[BlackElo "2194"]
[PlyCount "147"]
[EventDate "2012.09.16"]
[EventType "team-tourn"]
[EventRounds "11"]
[EventCountry "HUN"]
[SourceTitle "EXT 2014"]
[Source "ChessBase"]
[SourceDate "2013.11.20"]
[SourceVersion "1"]
[SourceVersionDate "2013.11.20"]
[SourceQuality "1"]
[WhiteTeam "Miskolc EMSE"]
[BlackTeam "Sajoszentpeter"]
[WhiteTeamCountry "HUN"]
[BlackTeamCountry "HUN"]

1. e4 e5 2. Nf3 Nc6 3. Bb5 a6 4. Bxc6 dxc6 5. Nc3 Bg4 6. h3 Bxf3 7. Qxf3 Qf6 8. Qe3 Ne7 9. d3 Ng6 10. Qg5 Qe6 11. Qg4 Qd6 12. 0-0 h5 13. Qf5 Nh4 14. Qg5 Be7 15. Qg3 g5 16. Bxg5 Rg8 17. f4 Nxg2 18. Kxg2 exf4 19. Qxf4 Rxg5+ 20. Kh1 0-0-0 21. Qxd6 Bxd6 22. Rg1 Rg6 23. Raf1 Rdg8 24. Ne2 f6 25. Rxf6 Rxg1+ 26. Nxg1 c5 27. Ne2 Be5 28. Rf5 Bxb2 29. Rxc5 h4 30. Rf5 Rg6 31. Rh5 Rc6 32. c4 Bf6 33. Nf4 Rb6 34. Nd5 Rb1+ 35. Kg2 Bd4 36. Kf3 Rb2 37. e5 c6 38. Nf6 Rxa2 39. Ke4 Bc3 40. d4 b5 41. Kd3 b4 42. Ne4 Ra3 43. Rh8+ Kd7 44. Nc5+ Ke7 45. Rh7+ Ke8 46. Rh8+ Ke7 47. Rh7+ Ke8 48. e6 Be1+ 49. Ke2 Bg3 50. Ne4 Ra2+ 51. Kd3 Ra3+ 52. Ke2 Ra2+ 53. Kd1 Ra1+ 54. Kc2 Re1 55. Nf6+ Kd8 56. Rd7+ Kc8 57. e7 b3+ 58. Kxb3 Re3+ 59. Kc2 c5 60. Rd8+ Kb7 61. e8Q Rxe8 62. Nxe8 cxd4 63. Rxd4 Kc6 64. Rd5 Be1 65. Ng7 a5 66. Nf5 a4 67. Nd4+ Kb6 68. Rb5+ Ka6 69. Kb2 Bf2 70. Nc6 Bb6 71. Ka3 Bc7 72. Kxa4 Bg3 73. c5 Bc7 74. Rb1 1-0

[Event "HUN-chT2 Barcza 1011"]
[Site "Hungary"]
[Date "2010.11.21"]
[Round "6.1"]
[White "Kiss, Laszlo"]
[Black "Zabiak, Jozsef"]
[Result "1-0"]
[WhiteElo "1659"]
[BlackElo "2162"]
[PlyCount "151"]
[EventDate "2010.09.12"]
[EventType "team-tourn"]
[EventRounds "11"]
[EventCountry "HUN"]
[SourceTitle "EXT 2012"]
[Source "ChessBase"]
[SourceDate "2011.11.24"]
[SourceVersion "1"]
[SourceVersionDate "2011.11.24"]
[SourceQuality "1"]
[WhiteTeam "Tiszavasvar"]
[BlackTeam "Sajoszentpeter"]
[WhiteTeamCountry "HUN"]
[BlackTeamCountry "HUN"]

1. e4 e6 2. d4 d5 3. Nd2 Nf6 4. e5 Nfd7 5. Bd3 c5 6. c3 cxd4 7. cxd4 Qb6 8. Ndf3 f6 9. Bxh7 Bb4+ 10. Kf1 f5 11. Bg6+ Kd8 12. Ng5 Rf8 13. N1h3 Be7 14. Qc2 Qa6+ 15. Kg1 Nb6 16. Nf7+ Kd7 17. Nhg5 Qc4 18. Qxc4 dxc4 19. h4 Nc6 20. Be3 Nd5 21. g3 Bxg5 22. Nxg5 f4 23. gxf4 Nxf4 24. Be4 Ke7 25. Kh2 Nd5 26. Kg3 Bd7 27. Nh3 Nd8 28. Bd2 a5 29. Bxd5 exd5 30. Nf4 Kf7 31. Nxd5 Bc6 32. Nb6 Ra6 33. Nxc4 Bxh1 34. Rxh1 Rg6+ 35. Bg5 Ne6 36. f4 Nxg5 37. hxg5 Rc6 38. Ne3 a4 39. Kf3 a3 40. Rh2 Ra6 41. b3 Rc8 42. f5 Rc1 43. Ke4 Rb1 44. g6+ Kg8 45. Rc2 Rc6 46. Kd3 Rb2 47. d5 Rbxc2 48. Nxc2 Rc5 49. Ne3 Rc1 50. d6 Kf8 51. d7 Ke7 52. f6+ Kxd7 53. f7 Rc8 54. Nf5 Ke6 55. Ke4 b5 56. Nxg7+ Ke7 57. Nf5+ Ke6 58. g7 Kxf7 59. Nd6+ Kxg7 60. Nxc8 b4 61. Kd5 Kf7 62. Kd6 Kg6 63. Nb6 Kf5 64. Kd5 Kf4 65. Kd4 Kf3 66. Nd5 Ke2 67. e6 Kd2 68. e7 Kc2 69. e8R Kb2 70. Re2+ Kb1 71. Nxb4 Kc1 72. Ke3 Kb1 73. Kd3 Kc1 74. Rf2 Kb1 75. Kc3 Kc1 76. Rf1# 1-0

[Event "HUN-chT2 Barcza 0910"]
[Site "Hungary"]
[Date "2009.12.06"]
[Round "3.1"]
[White "Ligart, Tamas"]
[Black "Zabiak, Jozsef"]
[Result "1/2-1/2"]
[WhiteElo "2280"]
[BlackElo "2136"]
[PlyCount "179"]
[EventDate "2009.11.08"]
[EventType "team-tourn"]
[EventRounds "11"]
[EventCountry "HUN"]
[SourceTitle "EXT 2011"]
[Source "ChessBase"]
[SourceDate "2010.11.26"]
[SourceVersion "1"]
[SourceVersionDate "2010.11.26"]
[SourceQuality "1"]
[WhiteTeam "Edeleny"]
[BlackTeam "SSASSE"]
[WhiteTeamCountry "HUN"]
[BlackTeamCountry "HUN"]

1. e4 e6 2. d4 d5 3. Nd2 Nf6 4. e5 Nfd7 5. c3 c5 6. f4 Nc6 7. Ndf3 Qb6 8. g3 cxd4 9. cxd4 Bb4+ 10. Kf2 f6 11. Kg2 fxe5 12. fxe5 0-0 13. Bd3 Kh8 14. Bc2 Be7 15. h4 Kg8 16. Ne2 Rf7 17. a3 Nf8 18. Rb1 Bd7 19. b4 Rc8 20. Bg5 h6 21. Bf4 Nd8 22. Qd2 Qa6 23. Rb3 Ba4 24. Rc3 Rxc3 25. Nxc3 Bxc2 26. Qxc2 Qxa3 27. Nb5 Qa6 28. Nd6 Bxd6 29. exd6 Nc6 30. Ne5 Nxe5 31. dxe5 Qb6 32. Qd2 Qb5 33. Rc1 Qe8 34. Be3 b6 35. Rc2 Qb5 36. Rc1 a5 37. bxa5 bxa5 38. Bd4 a4 39. Qc2 Qb3 40. Qxb3 axb3 41. Rc7 Rd7 42. Kf3 Kf7 43. Rc8 Nh7 44. Rb8 Kg6 45. Rxb3 Rf7+ 46. Kg2 Nf8 47. Rf3 Rxf3 48. Kxf3 h5 49. g4 Nd7 50. Kf4 Nf8 51. Kg3 Nd7 52. Bc3 Nf8 53. Bd2 Nd7 54. Bf4 Nf8 55. gxh5+ Kxh5 56. Bg5 Nd7 57. Kf4 Nc5 58. Ke3 Kg4 59. Kd4 Nd7 60. Be7 Kf5 61. h5 Kg4 62. Bf6 Kxh5 63. Bxg7 Kg6 64. Bh8 Kf5 65. Kd3 Nc5+ 66. Kd4 Nd7 67. Bf6 Kg6 68. Bh8 Kf7 69. Bf6 Ke8 70. Kc3 Nc5 71. Kd4 Ne4 72. Bh4 Kd7 73. Be1 Kc6 74. Bh4 Nd2 75. Bf6 Kd7 76. Bh8 Ne4 77. Bg7 Kc6 78. Bh8 Ng3 79. Bf6 Ne2+ 80. Ke3 Nc3 81. Kd4 Ne4 82. Bh8 Ng3 83. Bf6 Nh5 84. Bh8 Kd7 85. Kc5 Ng3 86. Bg7 d4 87. Bh6 d3 88. Kc4 Ne4 89. Kxd3 Nxd6 90. exd6 1/2-1/2

[Event "Bader Memorial op"]
[Site "Heves"]
[Date "2009.03.29"]
[Round "6"]
[White "Becskei, Zoltan"]
[Black "Zabiak, Jozsef"]
[Result "1-0"]
[WhiteElo "1843"]
[BlackElo "2175"]
[PlyCount "65"]
[EventDate "2009.03.26"]
[EventType "swiss"]
[EventRounds "7"]
[EventCountry "HUN"]
[SourceTitle "EXT 2011"]
[Source "ChessBase"]
[SourceDate "2010.11.26"]
[SourceVersion "1"]
[SourceVersionDate "2010.11.26"]
[SourceQuality "1"]

1. e4 e5 2. Nf3 Nc6 3. d4 exd4 4. Nxd4 Bc5 5. Be3 Bxd4 6. Bxd4 Nxd4 7. Qxd4 Qf6 8. e5 Qg6 9. Nc3 Ne7 10. Bd3 Qxg2 11. 0-0-0 Qg5+ 12. f4 Nc6 13. Qe4 Qg6 14. Qe3 Qh6 15. Nd5 Kd8 16. Kb1 Re8 17. Qg3 Ne7 18. Nxe7 Rxe7 19. Rhg1 g6 20. h4 b6 21. Be4 Rb8 22. h5 Bb7 23. Bxb7 Rxb7 24. hxg6 fxg6 25. f5 gxf5 26. Qg8+ Re8 27. Rxd7+ Kxd7 28. Qf7+ Re7 29. Rd1+ Qd6 30. Qxf5+ Kc6 31. exd6 cxd6 32. Qd5+ Kd7 33. Qxb7+ 1-0

[Event "Bader Memorial op"]
[Site "Heves"]
[Date "2009.03.27"]
[Round "3"]
[White "Zabiak, Jozsef"]
[Black "Szurovszky, Elek"]
[Result "0-1"]
[WhiteElo "2175"]
[BlackElo "2132"]
[PlyCount "82"]
[EventDate "2009.03.26"]
[EventType "swiss"]
[EventRounds "7"]
[EventCountry "HUN"]
[SourceTitle "EXT 2011"]
[Source "ChessBase"]
[SourceDate "2010.11.26"]
[SourceVersion "1"]
[SourceVersionDate "2010.11.26"]
[SourceQuality "1"]

1. d4 Nf6 2. e3 b6 3. f4 Bb7 4. Nf3 g6 5. Bd3 Bg7 6. Nbd2 Nd5 7. Qe2 Nb4 8. 0-0 Nxd3 9. cxd3 c5 10. Nb3 d6 11. Bd2 0-0 12. Bc3 Nd7 13. dxc5 bxc5 14. Bxg7 Kxg7 15. e4 a5 16. Nbd2 e6 17. Nc4 Nb6 18. Qc2 d5 19. Nxa5 Ba6 20. Rfd1 Qf6 21. Qxc5 Na4 22. Qb4 Nxb2 23. e5 Qd8 24. Qxb2 Qxa5 25. a4 Rab8 26. Qd2 Rb4 27. Kh1 Rfb8 28. g4 Qb6 29. a5 Qb7 30. Ra2 d4 31. Kg2 Qd5 32. Kg3 Bxd3 33. a6 Rb3 34. a7 Ra8 35. Ra5 Bb5 36. Qf2 Qb7 37. Rxd4 Bc6 38. Qd2 Rxf3+ 39. Kh4 Qb3 40. Qg2 Qc3 41. Rd6 Qe1+ 0-1

[Event "Bader Memorial op"]
[Site "Heves"]
[Date "2009.03.26"]
[Round "1"]
[White "Zabiak, Jozsef"]
[Black "Juhasz, Sandor"]
[Result "1-0"]
[WhiteElo "2175"]
[BlackElo "1923"]
[PlyCount "57"]
[EventDate "2009.03.26"]
[EventType "swiss"]
[EventRounds "7"]
[EventCountry "HUN"]
[SourceTitle "EXT 2011"]
[Source "ChessBase"]
[SourceDate "2010.11.26"]
[SourceVersion "1"]
[SourceVersionDate "2010.11.26"]
[SourceQuality "1"]

1. d4 Nf6 2. e3 b6 3. f4 Bb7 4. Nf3 e6 5. Bd3 Be7 6. 0-0 0-0 7. Qe2 Ne4 8. Nfd2 f5 9. c4 d6 10. Nc3 Nxd2 11. Bxd2 Bf6 12. Rad1 g6 13. Qf2 Nc6 14. a3 Ne7 15. e4 fxe4 16. Bxe4 Bxe4 17. Nxe4 Bg7 18. Ng5 Qd7 19. Rfe1 e5 20. dxe5 h6 21. exd6 hxg5 22. Rxe7 Qa4 23. Qe2 cxd6 24. Qe6+ Kh8 25. Qh3+ Kg8 26. b3 Qxa3 27. Bc3 Qc5+ 28. Kh1 Rf7 29. Rxf7 1-0

[Event "HUN-chT2 Barcza 0809"]
[Site "Hungary"]
[Date "2008.12.21"]
[Round "4.1"]
[White "Deak, Sandor"]
[Black "Zabiak, Jozsef"]
[Result "1/2-1/2"]
[WhiteElo "2311"]
[BlackElo "2197"]
[PlyCount "143"]
[EventDate "2008.10.26"]
[EventType "tourn"]
[EventRounds "11"]
[EventCountry "HUN"]
[SourceTitle "EXT 2010"]
[Source "ChessBase"]
[SourceDate "2010.11.25"]
[SourceVersion "1"]
[SourceVersionDate "2010.11.25"]
[SourceQuality "1"]
[WhiteTeam "TEVA SE"]
[BlackTeam "SSASSE"]
[WhiteTeamCountry "HUN"]
[BlackTeamCountry "HUN"]

1. d4 f5 2. Nf3 Nf6 3. g3 e6 4. Bg2 d5 5. 0-0 Bd6 6. b3 Qe7 7. c4 c6 8. Qc2 0-0 9. Bf4 Nbd7 10. c5 Bb8 11. Nbd2 h6 12. b4 Ne4 13. e3 e5 14. Bxe5 Nxe5 15. Nxe5 Bxe5 16. dxe5 Qxe5 17. Nf3 Qe7 18. Nd4 Bd7 19. a3 g6 20. Rae1 Rae8 21. Ne2 Kh7 22. Nf4 g5 23. Ne2 h5 24. f3 Nf6 25. Nd4 Kg6 26. h3 Ng8 27. g4 Nh6 28. Qd3 Kg7 29. gxf5 Nxf5 30. f4 Nxd4 31. Qxd4+ Kg6 32. Kh1 g4 33. e4 Qh4 34. f5+ Kh7 35. e5 Bxf5 36. Re2 Be4 37. Bxe4+ dxe4 38. Qxe4+ Kg7 39. Qg2 Rxf1+ 40. Qxf1 gxh3 41. e6 Rf8 42. Qg1+ Qg4 43. e7 Qxg1+ 44. Kxg1 Re8 45. Re5 h4 46. Re4 h2+ 47. Kxh2 Kf6 48. Rxh4 Rxe7 49. Rd4 Re3 50. Rd7 Rxa3 51. Rxb7 Ke6 52. b5 Kd5 53. Kg2 Kxc5 54. bxc6 Kxc6 55. Rf7 a5 56. Kf2 Rd3 57. Ke2 Rd5 58. Rf3 Kb5 59. Rd3 Rc5 60. Rd1 a4 61. Rb1+ Ka5 62. Kd2 a3 63. Rc1 Rb5 64. Rc8 Ka4 65. Kc3 Ra5 66. Rc4+ Kb5 67. Rb4+ Kc5 68. Rb1 Ra6 69. Ra1 a2 70. Kb2 Kd4 71. Rxa2 Rb6+ 72. Kc2 1/2-1/2

[Event "HUN-chT2 Barcza 0809"]
[Site "Hungary"]
[Date "2008.11.30"]
[Round "3.1"]
[White "Forgacs, Jozsef"]
[Black "Zabiak, Jozsef"]
[Result "1/2-1/2"]
[WhiteElo "2262"]
[BlackElo "2197"]
[PlyCount "49"]
[EventDate "2008.10.26"]
[EventType "tourn"]
[EventRounds "11"]
[EventCountry "HUN"]
[SourceTitle "EXT 2010"]
[Source "ChessBase"]
[SourceDate "2010.11.25"]
[SourceVersion "1"]
[SourceVersionDate "2010.11.25"]
[SourceQuality "1"]
[WhiteTeam "DEAC"]
[BlackTeam "SSASSE"]
[WhiteTeamCountry "HUN"]
[BlackTeamCountry "HUN"]

1. d4 f5 2. Bg5 Nf6 3. Bxf6 exf6 4. e3 d5 5. c4 Bb4+ 6. Nc3 0-0 7. Nh3 g5 8. Qb3 Bxc3+ 9. Qxc3 dxc4 10. Bxc4+ Kg7 11. 0-0-0 Qd6 12. f4 h6 13. g3 c6 14. Nf2 b5 15. Bd3 Qe6 16. Bb1 Nd7 17. e4 fxe4 18. Nxe4 Nb6 19. Nc5 Qc4 20. Qxc4 Nxc4 21. b3 Nd6 22. Rhe1 Bg4 23. Re7+ Rf7 24. Rde1 Rd8 25. R7e3 1/2-1/2

[Event "HUN-chT2 Barcza 0405"]
[Site "Hungary"]
[Date "2004.12.05"]
[Round "4"]
[White "Deli, Imre"]
[Black "Zabiak, Jozsef"]
[Result "0-1"]
[WhiteElo "1799"]
[BlackElo "2090"]
[PlyCount "98"]
[EventDate "2004.09.26"]
[EventType "team-tourn"]
[EventRounds "11"]
[EventCountry "HUN"]
[SourceTitle "EXT 2009"]
[Source "ChessBase"]
[SourceDate "2008.11.26"]
[SourceVersion "1"]
[SourceVersionDate "2008.11.26"]
[SourceQuality "1"]
[WhiteTeam "Hajduboszormeny II"]
[BlackTeam "Kazincbarcika"]
[WhiteTeamCountry "HUN"]
[BlackTeamCountry "HUN"]

1. c4 e5 2. Nc3 Nf6 3. d3 Bc5 4. Nf3 d6 5. Bg5 Nc6 6. a3 Nd4 7. e3 Ne6 8. Bh4 h6 9. Bxf6 Qxf6 10. Ne4 Qe7 11. Be2 0-0 12. 0-0 Bb6 13. Nc3 c6 14. Na4 Bc7 15. Nc3 f5 16. e4 f4 17. h3 Bb6 18. Na4 Bd4 19. Nh2 Qf6 20. Bg4 Ng5 21. Bxc8 Raxc8 22. Nf3 Qe6 23. Kh2 Nxf3+ 24. Qxf3 b5 25. cxb5 cxb5 26. Nc3 Bxc3 27. bxc3 Rxc3 28. Rfc1 Rfc8 29. Rxc3 Rxc3 30. Rb1 a6 31. Ra1 a5 32. Qd1 d5 33. f3 d4 34. Qb1 Rc5 35. Qb2 Kh7 36. Rb1 b4 37. axb4 Rb5 38. Qa3 Qd6 39. Rc1 axb4 40. Qb3 Qa6 41. Qf7 b3 42. Rc7 Qg6 43. Qf8 Rb6 44. Rc8 Qg3+ 45. Kg1 b2 46. Qh8+ Kg6 47. Qe8+ Kg5 48. Qxe5+ Kh4 49. Qe7+ g5 0-1